banner-ar

حروب دولة الرسول / (Record no. 43145)

MARC details
000 -الفاتح
حقل البيانات ثابتة الطول 00496nam a2200181Ia 4500
008 - عناصر البيانات ثابتة الطول - معلومات عامة
حقل البيانات ثابتة الطول 140319s9999 xx 000 0 ara d
040 ## - مصدر الفهرسة
وكالة الفهرسة الأصلية GCL /
وكالة النسخ GCL
082 04 - رقم تصنيف ديوى العشرى
رقم التصنيف 239.4
رقم المادة س ح
100 1# - المدخل الرئيسى - إسم شخصى
الإسم الشخصى سيد محمود القمنى
245 10 - بيان العنوان
العنوان حروب دولة الرسول /
بيان المسئوليه,etc سيد محمود القمنى
300 ## - الوصف المادى
التعداد 151
490 ## - بيان السلسلة
عنوان السلسلة كتاب
رقم المجلد/ التعيين التسلسلي 0
650 04 - المدخل الاضافى بالموضوع-مصطلح موضوعى
مصطلح موضوعي غزوة احد
650 04 - المدخل الاضافى بالموضوع-مصطلح موضوعى
مصطلح موضوعي غزوة بدر
650 04 - المدخل الاضافى بالموضوع-مصطلح موضوعى
مصطلح موضوعي الغزوات الاسلامية
942 ## - عناصر المدخل الإضافي( كوها)
مصدر التصنيف او مخطط الترفيف Dewey Decimal Classification
Koha [default] item type كتاب
Holdings
حالة التراجع حالة الفقد حالة تلف ليس للاعارة المكان المؤقت الموقع الحالى تاريخ الاكتساب اجمالي اﻻعارات رقم الطلب الباركود تاريخ اخر مشاهدة تاريخ تفعيل السعر نوع وعاء كوها
        مكتبة القاهرة الكبرى مكتبة القاهرة الكبرى 03/26/2014   239.4\س ح 104369 03/26/2014 03/26/2014 كتاب
        مكتبة القاهرة الكبرى مكتبة القاهرة الكبرى 03/26/2014   239.4\س ح 104370 03/26/2014 03/26/2014 كتاب
        مكتبة القاهرة الكبرى مكتبة القاهرة الكبرى 03/26/2014   239.4\س ح 104371 03/26/2014 03/26/2014 كتاب
        مكتبة القاهرة الكبرى مكتبة القاهرة الكبرى 03/26/2014   239.4\س ح 104372 03/26/2014 03/26/2014 كتاب

Powered By

EGPV